000 00696nam a2200205Ia 4500
001 17602
003 GE_BSU
008 181216s||||||||xx |||||||||||||| ||und||
040 _cGE_BSU
080 _a821.353.1-1
100 _aკერესელიძე,ივანე
245 _aლექსები
245 _cალ.კალანდაძის შესავალი წერილით;რედ.:თ.კოპლატაძე; მხატვ.:გ.ურუმაშვილი
260 _aთბილისი
260 _bსაბჭ.მწერალი
260 _c1958
300 _a50გვ.;17სმ
653 _aლექსები
942 _cBK
999 _c50652
_d50652